[Event "Amber 2007 Rapid"]
[Site "Monte Carlo MNC"]
[Date "2007.03.23"]
[Round "6"]
[White "Aronian, L."]
[Black "Kramnik, V."]
[Result "1/2-1/2"]
[WhiteElo "2744"]
[BlackElo "2766"]
[PlyCount "154"]
[EventDate "2007.03.17"]
[Source "www.chesslib.no"]
[SourceDate "2004.05.04"]

1. d4 d5 2. c4 c6 3. Nc3 Nf6 4. Nf3 dxc4 5. e4 b5 6. e5 Nd5 7. a4 e6 8. Ng5 Be7 9. Nge4 b4 10. Nb1 f5 11. exf6 Nxf6 12. Nxf6+ Bxf6 13. Bxc4 Qxd4 14. Qh5+ g6 15. Qe2 Qe5 16. Qxe5 Bxe5 17. O-O O-O 18. Nd2 Na6 19. Re1 Bg7 20. a5 Nc5 21. a6 Rf4 22. Ra5 Bd4 23. Re2 Bd7 24. b3 Rf5 25. Nf3 Bc3 26. Raa2 Be8 27. Ng5 Rd8 28. g4 Rf6 29. Be3 Rd1+ 30. Kg2 Bd4 31. Rad2 Bxe3 32. Rxd1 Bxg5 33. Re5 Bh4 34. Rxc5 Rxf2+ 35. Kh3 Bf6 36. Kg3 Ra2 37. g5 Bc3 38. Bxe6+ Kf8 39. Bc4 Ke7 40. h4 Ra3 41. Bg8 Rxa6 42. Rc4 Ra5 43. Re4+ Re5 44. Kf4 Rxe4+ 45. Kxe4 a5 46. Kd3 Kf8 47. Be6 Ke7 48. Bg8 Kf8 49. Bc4 Bd7 50. Rf1+ Bf5+ 51. Ke3 Kg7 52. h5 h6 53. gxh6+ Kxh6 54. hxg6 Bxg6 55. Rf8 c5 56. Ra8 Kg5 57. Rxa5 Bd4+ 58. Kf3 Bc2 59. Ke2 Kf4 60. Ra8 Bg6 61. Rf8+ Ke5 62. Bd3 Bh5+ 63. Kd2 Bc3+ 64. Kc2 Bg4 65. Re8+ Kd6 66. Rg8 Be6 67. Rg6 Ke5 68. Rg5+ Kd6 69. Rh5 Bd4 70. Rh4 Bd5 71. Rh6+ Ke5 72. Bc4 Bxc4 73. bxc4 Ke4 74. Rh3 Bf6 75. Kb3 Bd4 76. Rh5 Kd3 77. Rd5 Kd2 1/2-1/2

[Event "Interclubs Adultes"]
[Site "Evry FRA"]
[Date "2008.05.30"]
[Round "9.3"]
[White "Nisipeanu, Liviu-Dieter"]
[Black "Postny, Evgeny"]
[Result "1-0"]
[WhiteElo "2684"]
[BlackElo "2649"]
[PlyCount "97"]
[EventDate "2008.05.29"]
[Source "www.chesslib.no"]
[SourceDate "2004.05.04"]

1. d4 d5 2. c4 c6 3. Nf3 Nf6 4. Nc3 dxc4 5. e3 b5 6. a4 b4 7. Nb1 Ba6 8. Be2 e6 9. O-O Be7 10. Nbd2 c3 11. bxc3 bxc3 12. Nb1 O-O 13. Nxc3 c5 14. Ba3 cxd4 15. Bxe7 Qxe7 16. Nxd4 Bxe2 17. Qxe2 Rc8 18. Rac1 Nbd7 19. Rc2 Rc5 20. Rfc1 h6 21. Ncb5 Rxc2 22. Qxc2 Ne5 23. h3 Nd5 24. Nc7 Rd8 25. Nxd5 Rxd5 26. Qc8+ Kh7 27. Qc7 Qa3 28. Qc2+ g6 29. Rb1 Rc5 30. Qd1 Rc4 31. Nb5 Qxa4 32. Qd6 Qc2 33. Rf1 Qf5 34. Qf8 Qf6 35. Nd6 Rc6 36. Ne8 Qh8 37. Qe7 Rc8 38. Nd6 Rf8 39. Rc1 Qg7 40. Ne8 Qh8 41. Nf6+ Kg7 42. f4 Nd3 43. Rc7 a5 44. Rd7 Nb4 45. Qxe6 a4 46. f5 h5 47. Nd5 Kg8 48. Rxf7 Qa1+ 49. Kh2 1-0

[Event "XXIV ECC"]
[Site "Kallithea GRE"]
[Date "2008.10.22"]
[Round "6"]
[White "Postny, E."]
[Black "Zhang Pengxiang"]
[Result "1/2-1/2"]
[WhiteElo "2674"]
[BlackElo "2636"]
[PlyCount "50"]
[EventDate "2008.10.17"]
[Source "www.chesslib.no"]
[SourceDate "2004.05.04"]

1. Nf3 Nf6 2. c4 c6 3. Nc3 d5 4. d4 dxc4 5. e3 b5 6. a4 b4 7. Nb1 e6 8. Bxc4 Bb7 9. O-O Nbd7 10. Nbd2 c5 11. Nb3 Be7 12. Nxc5 Nxc5 13. dxc5 O-O 14. b3 Qc7 15. h3 Rfd8 16. Qe2 Ne4 17. Bb2 Qxc5 18. Rac1 Qa5 19. Rfd1 Nc3 20. Bxc3 bxc3 21. Rxd8+ Rxd8 22. Rd1 Rxd1+ 23. Qxd1 g6 24. Ne1 Bf6 25. Qd7 Qb4 1/2-1/2

[Event "4th GM March"]
[Site "Taiyuan CHN"]
[Date "2007.07.06"]
[Round "3"]
[White "Cheparinov, I."]
[Black "Zhang Pengxiang"]
[Result "1/2-1/2"]
[WhiteElo "2657"]
[BlackElo "2649"]
[PlyCount "123"]
[EventDate "2007.07.04"]
[Source "www.chesslib.no"]
[SourceDate "2004.05.04"]

1. d4 d5 2. c4 c6 3. Nc3 Nf6 4. Nf3 dxc4 5. e3 Bg4 6. Bxc4 e6 7. h3 Bh5 8. g4 Bg6 9. Ne5 Nbd7 10. Nxg6 hxg6 11. Bf1 e5 12. Bg2 exd4 13. Qxd4 Bc5 14. Qa4 O-O 15. O-O Qe7 16. g5 Ne8 17. Rd1 Rd8 18. Ne4 Nd6 19. Nxc5 Nxc5 20. Qg4 Nf5 21. Rf1 Nd3 22. b3 Rfe8 23. h4 Qe5 24. Rb1 Nxc1 25. Rbxc1 Rd2 26. b4 Rxa2 27. Rc5 Qe6 28. h5 Nd6 29. Qxe6 Rxe6 30. hxg6 Rxg6 31. Rd1 Rb2 32. Rd4 f5 33. e4 fxe4 34. Bxe4 Re6 35. Bf5 Nxf5 36. Rxf5 Rbe2 37. Kg2 R2e4 38. Rd7 Re7 39. Rxe7 Rxe7 40. Kg3 a6 41. Rf4 Re5 42. Kg4 c5 43. bxc5 Rxc5 44. Rd4 b5 45. f4 Rc8 46. Rd6 a5 47. Rb6 Ra8 48. Rxb5 a4 49. f5 a3 50. Rb1 a2 51. Ra1 Ra4+ 52. Kf3 Kf7 53. Ke3 Ra5 54. Kf4 Ke8 55. f6 g6 56. Kg4 Kf7 57. Kf4 Ke6 58. Kg4 Ra8 59. Kg3 Ra7 60. Kg2 Ra5 61. Kh3 Ra4 62. Kh2 1/2-1/2

[Event "XXIV ECC"]
[Site "Kallithea GRE"]
[Date "2008.10.20"]
[Round "4"]
[White "Stocek, J."]
[Black "Postny, E."]
[Result "1/2-1/2"]
[WhiteElo "2578"]
[BlackElo "2674"]
[PlyCount "44"]
[EventDate "2008.10.17"]
[Source "www.chesslib.no"]
[SourceDate "2004.05.04"]

1. d4 d5 2. c4 c6 3. Nc3 Nf6 4. Nf3 dxc4 5. Ne5 Nbd7 6. Nxc4 b5 7. Ne3 Bb7 8. g3 c5 9. Bg2 Bxg2 10. Nxg2 b4 11. Na4 e6 12. O-O Be7 13. dxc5 Nxc5 14. Nxc5 Qxd1 15. Rxd1 Bxc5 16. Bd2 Ne4 17. Be3 Ke7 18. f3 Bxe3+ 19. Nxe3 Nd6 20. Rd4 a5 21. Rad1 Rhd8 22. Kf2 Nb7 1/2-1/2

[Event "Pamplona"]
[Site "?"]
[Date "1999.??.??"]
[Round "?"]
[White "Timman, J."]
[Black "Illescas Cordoba, M."]
[Result "1/2-1/2"]
[WhiteElo "2650"]
[BlackElo "2600"]
[PlyCount "85"]
[EventDate "1999.??.??"]
[Source "Chess Informant"]
[SourceDate "1999.10.01"]

1. d4 d5 2. c4 c6 3. Nf3 Nf6 4. Nc3 dxc4 5. Ne5 Nbd7 6. Nxc4 b5 7. Nd2 e5 8. e3 exd4 9. exd4 Nb6 10. Nf3 b4 11. Na4 Bd6 12. Be2 O-O 13. O-O Re8 14. Re1 Bg4 15. Nxb6 axb6 16. Bg5 h6 17. Bh4 Bxf3 18. Bxf3 Rxe1+ 19. Qxe1 g5 20. Bg3 Bxg3 21. hxg3 Qxd4 22. Bxc6 Rc8 23. Ba4 Qxb2 24. Bb3 Re8 25. Qb1 Qxb1+ 26. Rxb1 Ne4 27. Rd1 Nc5 28. Kf1 Kg7 29. Rd4 Re4 30. Rd6 h5 31. Bd1 h4 32. gxh4 Rxh4 33. Rxb6 Rd4 34. Bb3 f6 35. f3 g4 36. Ke2 gxf3+ 37. gxf3 Nxb3 38. axb3 Kg6 39. Ke3 Rh4 40. Rc6 Kf5 41. Rc4 Rxc4 42. bxc4 Ke5 43. Kd3 1/2-1/2

[Event "SLO-chT"]
[Site "?"]
[Date "2002.11.18"]
[Round "1"]
[White "Nikolic Predrag"]
[Black "Atalik Suat"]
[Result "1-0"]
[WhiteElo "2661"]
[BlackElo "2575"]
[PlyCount "132"]
[EventDate "2002.??.??"]
[Source "www.chesslib.no"]
[SourceDate "2004.05.04"]

1. d4 d5 2. c4 c6 3. Nf3 Nf6 4. Nc3 dxc4 5. e3 b5 6. a4 b4 7. Na2 e6 8. Bxc4 Bb7 9. O-O Nbd7 10. Qe2 c5 11. Bd2 a5 12. Nc1 Bd6 13. Nb3 O-O 14. Rfc1 Qe7 15. dxc5 Nxc5 16. Nfd4 Nxb3 17. Bxb3 Be5 18. Qb5 Bxd4 19. exd4 Bd5 20. Bd1 Ne4 21. Be3 Nd6 22. Qd3 Nf5 23. Rc5 Rfd8 24. Rac1 Qf6 25. Rc7 Qg6 26. g3 Nxe3 27. Qxg6 hxg6 28. fxe3 e5 29. Kf2 exd4 30. exd4 Be6 31. Bf3 Rab8 32. Ke3 Bb3 33. R1c5 Re8+ 34. Kd3 Bxa4 35. Rxa5 Bb5+ 36. Rxb5 Rxb5 37. Bc6 Rbb8 38. Bxe8 Rxe8 39. Rb7 f5 40. Rxb4 g5 41. Rb5 g6 42. b4 Kf7 43. Re5 Rb8 44. b5 Kf6 45. Rc5 f4 46. Ke4 Re8+ 47. Re5 Rh8 48. gxf4 gxf4 49. b6 f3 50. Kxf3 Rh3+ 51. Ke4 Rb3 52. Kd5 Rxb6 53. Re2 Ra6 54. Kc5 Ra5+ 55. Kc6 Ra6+ 56. Kb5 Ra3 57. d5 g5 58. d6 Rb3+ 59. Kc6 Rc3+ 60. Kb7 Kf7 61. d7 Rb3+ 62. Kc7 Rc3+ 63. Kd8 Rc1 64. Re7+ Kf8 65. Re5 Rg1 66. Rf5+ Kg7 1-0

[Event "Wijk aan Zee (open)"]
[Site "?"]
[Date "1993.??.??"]
[Round "?"]
[White "Nikolic, P."]
[Black "Tukmakov, V."]
[Result "1/2-1/2"]
[WhiteElo "2630"]
[BlackElo "2605"]
[PlyCount "70"]
[EventDate "1993.??.??"]
[Source "ChessBase"]
[SourceDate "1993.02.01"]

1. d4 d5 2. c4 c6 3. Nf3 Nf6 4. Nc3 dxc4 5. e3 b5 6. a4 b4 7. Nb1 e6 8. Bxc4 c5 9. O-O Bb7 10. Ne5 Nbd7 11. Nd2 Be7 12. Nxd7 Nxd7 13. a5 Rc8 14. Nb3 O-O 15. Qe2 cxd4 16. Nxd4 Qc7 17. Bb5 Bd6 18. h3 Nc5 19. Bd2 a6 20. Bc4 Ne4 21. Rfc1 Nxd2 22. Qxd2 Qe7 23. Qe2 Qg5 24. f4 Qg3 25. Qf2 Qg6 26. Bf1 e5 27. fxe5 Bxe5 28. Rxc8 Rxc8 29. Rd1 Qd6 30. b3 g6 31. Bc4 Rc7 32. Rd2 Qe7 33. Ne2 Kg7 34. Nf4 Rc5 35. Nd5 Bxd5 1/2-1/2

[Event "5th Open"]
[Site "Dubai"]
[Date "2003.04.29"]
[Round "9"]
[White "Magerramov, Elmar"]
[Black "Sakaev, Konstantin"]
[Result "1-0"]
[WhiteElo "2558"]
[BlackElo "2664"]
[PlyCount "77"]
[EventDate "2003.04.21"]
[Source "Roberto Alvarez"]
[SourceDate "2003.05.05"]

1. d4 d5 2. c4 c6 3. Nf3 Nf6 4. Nc3 dxc4 5. e4 b5 6. e5 Nd5 7. a4 e6 8. axb5 Nxc3 9. bxc3 cxb5 10. Ng5 Bb7 11. Qh5 g6 12. Qg4 Be7 13. h4 h6 14. Ne4 Qd5 15. f3 a5 16. h5 g5 17. Be2 Nc6 18. Be3 a4 19. O-O Na5 20. Ra2 Nb3 21. Bd1 O-O-O 22. Bc2 Qc6 23. f4 gxf4 24. Rxf4 Rhg8 25. Qf3 Qe8 26. Rxf7 b4 27. Rxe7 Qxe7 28. Rxa4 Qh4 29. Rxb4 Bd5 30. Bf2 Qe7 31. Qe2 Nc1 32. Qf1 Nd3 33. Bxd3 cxd3 34. Qxd3 Qa7 35. c4 Ba8 36. d5 Qa1+ 37. Rb1 Qxe5 38. Nc5 exd5 39. Qh3+ 1-0

[Event "II President's Cup"]
[Site "Baku AZE"]
[Date "2007.05.09"]
[Round "7"]
[White "Short, N."]
[Black "Shengelia, D."]
[Result "1-0"]
[WhiteElo "2691"]
[BlackElo "2523"]
[PlyCount "85"]
[EventDate "2007.05.03"]
[Source "www.chesslib.no"]
[SourceDate "2004.05.04"]

1. c4 c6 2. Nf3 d5 3. d4 Nf6 4. Nc3 dxc4 5. g3 Bf5 6. Ne5 Nbd7 7. Nxc4 Nb6 8. Ne5 e6 9. Bg2 h6 10. O-O Be7 11. e4 Bh7 12. Be3 O-O 13. Qe2 Nfd7 14. Nxd7 Qxd7 15. a4 Rad8 16. Rfc1 Rfe8 17. a5 Nc8 18. a6 Nb6 19. axb7 Qxb7 20. Na4 Nxa4 21. Rxa4 Rb8 22. h4 Rec8 23. Rc2 Bd8 24. Qc4 Qd7 25. b3 Bb6 26. Rc3 Bg6 27. e5 Qd8 28. Qa6 Rc7 29. Bf3 Rd7 30. h5 Bf5 31. g4 Bxg4 32. Bxg4 Bxd4 33. Bxd4 Rxd4 34. Qxa7 Rbb4 35. Rxb4 Rxb4 36. Bf3 Qg5+ 37. Kf1 Qxe5 38. Qa8+ Kh7 39. Qxc6 Qf5 40. Re3 Qh3+ 41. Ke2 Qh2 42. Be4+ f5 43. Bxf5+ 1-0

[Event "Linares"]
[Site "?"]
[Date "1996.??.??"]
[Round "?"]
[White "Romanishin, O."]
[Black "Akopian, Vl"]
[Result "0-1"]
[WhiteElo "2590"]
[BlackElo "2620"]
[PlyCount "148"]
[EventDate "1996.??.??"]
[Source "ChessBase"]
[SourceDate "1996.02.01"]

1. d4 d5 2. c4 c6 3. Nf3 Nf6 4. Nc3 dxc4 5. Ne5 Nbd7 6. f4 b5 7. Nxc6 Qb6 8. Ne5 e6 9. e3 Bb7 10. Bd2 Be7 11. a4 a6 12. axb5 axb5 13. Rxa8+ Bxa8 14. Be2 O-O 15. O-O Nxe5 16. fxe5 Ne4 17. Bf3 Nxd2 18. Qxd2 Bxf3 19. Rxf3 b4 20. Ne4 Qc6 21. Qc2 Ra8 22. Rf1 h6 23. Nd6 Bxd6 24. exd6 Rc8 25. Qf2 f6 26. Qg3 c3 27. bxc3 bxc3 28. Rc1 Kf7 29. h3 c2 30. Qf2 Ke8 31. Qg3 g5 32. Qf2 f5 33. Qd2 Kd7 34. d5 exd5 35. Qd3 Ke6 36. d7 Kxd7 37. Qxf5+ Qe6 38. Qh7+ Kd6 39. Rxc2 Qxe3+ 40. Kh2 Qe5+ 41. g3 Rxc2+ 42. Qxc2 d4 43. Qd3 Qe3 44. Qa6+ Kc5 45. Kg2 Kb4 46. Qxh6 d3 47. Qd6+ Kb3 48. Qd5+ Kb2 49. Qb5+ Kc1 50. Qc4+ Kd1 51. Qb3+ Ke2 52. Qb2+ Qd2 53. Qf6 Kd1+ 54. Kf1 Qe1+ 55. Kg2 Qe4+ 56. Kf2 Kc2 57. Qf7 Qd4+ 58. Kg2 Qe4+ 59. Kf2 Qe2+ 60. Kg1 Qe3+ 61. Kg2 Kd1 62. Qb3+ Ke2 63. Qb2+ Qd2 64. Qd4 Kd1+ 65. Kg1 Qe1+ 66. Kg2 Qe2+ 67. Kg1 Qf3 68. Qe5 g4 69. hxg4 d2 70. g5 Kc2 71. Qc5+ Qc3 72. Qf5+ Kb2 73. Qf2 Kb1 74. Qf5+ Qc2 0-1

[Event "Tilburg"]
[Site "Tilburg"]
[Date "1980.??.??"]
[Round "?"]
[White "Ribli, Zoltan"]
[Black "Huebner, Robert"]
[Result "1/2-1/2"]
[WhiteElo "2610"]
[BlackElo "2600"]
[PlyCount "47"]
[EventDate "1980.09.??"]
[Source "ChessBase"]

1. Nf3 Nf6 2. c4 c6 3. d4 d5 4. Nc3 dxc4 5. e3 b5 6. a4 b4 7. Nb1 Bg4 8. Be2 Nbd7 9. O-O c5 10. dxc5 Rc8 11. Nbd2 Bxf3 12. gxf3 g6 13. Nxc4 Bg7 14. a5 Nxc5 15. Bd2 Rb8 16. Qe1 Nb3 17. Rd1 Nxd2 18. Qxd2 Qc7 19. Qd4 O-O 20. Qe5 Qb7 21. a6 Qxa6 22. Qxe7 Rfe8 23. Ra1 Qxa1 24. Qxe8+ 1/2-1/2

[Event "Amsterdam"]
[Site "?"]
[Date "1988.??.??"]
[Round "?"]
[White "Kortchnoi, V."]
[Black "Ljubojevic, Lj"]
[Result "1/2-1/2"]
[WhiteElo "2595"]
[BlackElo "2600"]
[PlyCount "160"]
[EventDate "1988.??.??"]
[Source "ChessBase"]
[SourceDate "1988.07.01"]

1. d4 d5 2. c4 c6 3. Nf3 Nf6 4. Nc3 dxc4 5. e4 b5 6. e5 Nd5 7. a4 Qa5 8. Bd2 b4 9. Ne4 Bf5 10. Ng3 c3 11. Nxf5 cxd2+ 12. Nxd2 g6 13. Nb3 Qd8 14. Ng3 Bh6 15. Bc4 a5 16. O-O Nd7 17. Re1 O-O 18. Ne4 N7b6 19. Bf1 Qc8 20. Nec5 Nd7 21. g3 Nxc5 22. Nxc5 Rd8 23. e6 f5 24. Nd7 Qc7 25. Bg2 Bg7 26. Rc1 Qd6 27. Qc2 Rac8 28. Bxd5 Qxd5 29. Nb6 Qxd4 30. Nxc8 Rxc8 31. Re2 Bf6 32. Rd1 Qg4 33. Red2 Kg7 34. Qc5 h5 35. Qxa5 h4 36. Qa6 hxg3 37. hxg3 Rh8 38. Qxc6 Bxb2 39. Rd8 Bf6 40. R1d2 Rxd8 41. Rxd8 b3 42. Qe8 Kh6 43. Qf8+ Kh7 44. Qf7+ Kh6 45. Qxf6 exf6 46. e7 b2 47. Rh8+ Kg7 48. e8=Q b1=Q+ 49. Kh2 Qh5+ 50. Rxh5 gxh5 51. Qxh5 Qc2 52. Qf3 Qxa4 53. Qxf5 Qd4 54. Kh3 Kf7 55. f3 Qc4 56. Qh7+ Kf8 57. Qd7 Qc5 58. Qg4 Kf7 59. Kh4 Qc2 60. Qd7+ Kf8 61. f4 Qe2 62. Qb7 Kg8 63. Qc7 Qe6 64. Qc3 Kg7 65. g4 Qe4 66. Kg3 Kg6 67. Qd2 Kf7 68. Kf2 Qe6 69. Qe2 Qd5 70. Qc2 Qd4+ 71. Kf3 Qd7 72. Kg3 Qd4 73. Qb3+ Kg7 74. Kf3 Qd7 75. f5 Qc6+ 76. Kf4 Qc7+ 77. Ke4 Qe5+ 78. Kf3 Qd4 79. Qb7+ Kf8 80. Qe4 Qxe4+ 1/2-1/2

[Event "Europa ch 2008"]
[Site "Plovdiv BUL"]
[Date "2008.04.23"]
[Round "3.33"]
[White "Mchedlishvili, Mikheil"]
[Black "Balogh, Csaba"]
[Result "1/2-1/2"]
[WhiteElo "2635"]
[BlackElo "2559"]
[PlyCount "45"]
[EventDate "2008.04.21"]
[Source "www.chesslib.no"]
[SourceDate "2004.05.04"]

1. d4 d5 2. c4 c6 3. Nf3 Nf6 4. Nc3 dxc4 5. e3 b5 6. a4 b4 7. Nb1 Ba6 8. Nbd2 c3 9. bxc3 bxc3 10. Nc4 e6 11. Qc2 c5 12. Ba3 Qd5 13. Qxc3 cxd4 14. Nxd4 Ne4 15. Qc2 Bxa3 16. Rxa3 O-O 17. Nb5 Bxb5 18. axb5 Rc8 19. Bd3 Nd6 20. Rc3 Nxb5 21. Bxh7+ Kf8 22. Be4 Qc5 23. Bxa8 1/2-1/2

[Event "Cap d'Agde KO"]
[Site "Cap d'Agde"]
[Date "2000.11.02"]
[Round "1.3"]
[White "Serper, Grigory"]
[Black "Bacrot, Etienne"]
[Result "1-0"]
[WhiteElo "2574"]
[BlackElo "2613"]
[PlyCount "79"]
[EventDate "2000.11.01"]
[Source "ChessBase"]
[SourceDate "2001.01.25"]

1. d4 d5 2. c4 c6 3. Nf3 Nf6 4. Nc3 dxc4 5. e3 b5 6. a4 b4 7. Na2 e6 8. Bxc4 Bb7 9. O-O Nbd7 10. Qe2 Be7 11. Ba6 Bxa6 12. Qxa6 Qb6 13. Qc4 O-O 14. Bd2 a5 15. Nc1 c5 16. Nb3 Rfc8 17. Rfc1 Ne4 18. dxc5 Ndxc5 19. Nxc5 Nxc5 20. Nd4 h6 21. Rc2 Kh7 22. Rac1 Rd8 23. Qb5 Qxb5 24. axb5 Nd3 25. Ra1 Bc5 26. Nc6 Rd5 27. Rxa5 Rxa5 28. Nxa5 Bb6 29. Nb3 Rxb5 30. Kf1 Rd5 31. Ke2 Ne5 32. Bxb4 Rb5 33. Bc3 Nd7 34. Nd4 Rd5 35. Nf3 f6 36. Bd4 Ba5 37. Rc6 e5 38. Bc3 Rb5 39. Nd2 Nc5 40. b4 1-0

[Event "Hastings"]
[Site "?"]
[Date "1992.??.??"]
[Round "?"]
[White "Sadler, M."]
[Black "Bareev, E."]
[Result "1/2-1/2"]
[WhiteElo "2515"]
[BlackElo "2670"]
[PlyCount "142"]
[EventDate "1992.??.??"]
[Source "ChessBase"]
[SourceDate "1992.10.01"]

1. d4 d5 2. c4 c6 3. Nf3 Nf6 4. Nc3 dxc4 5. e3 b5 6. a4 b4 7. Nb1 Ba6 8. Be2 c5 9. O-O Nc6 10. dxc5 Na5 11. Nbd2 e6 12. b3 Bxc5 13. Bb2 c3 14. Bxa6 cxb2 15. Bb5+ Ke7 16. Rb1 a6 17. Be2 Qb6 18. Rxb2 Nd5 19. Nc4 Nxc4 20. Bxc4 Nc3 21. Qc2 Qc7 22. Qc1 Rhd8 23. Rd2 a5 24. Qc2 g6 25. Rc1 Bd6 26. g3 Be5 27. Bf1 h5 28. Bc4 Qc5 29. h4 Bf6 30. Bf1 Rac8 31. Rxd8 Rxd8 32. Nd2 Rc8 33. Nc4 g5 34. hxg5 Qxg5 35. Qh7 Rh8 36. Qd3 Rd8 37. Qh7 Rh8 38. Qd3 Qc5 39. Rc2 Rd8 40. Qh7 h4 41. gxh4 Rh8 42. Qd3 Rd8 43. Qh7 Rh8 44. Qd3 Rg8+ 45. Bg2 Rd8 46. Qh7 Rh8 47. Qd3 Rd8 48. Qh7 Nxa4 49. Ra2 Nb2 50. Nxa5 Qc1+ 51. Kh2 Rh8 52. Nc6+ Qxc6 53. Ra7+ Kd6 54. Qxh8 Bxh8 55. Bxc6 Kxc6 56. Rxf7 Nd3 57. h5 Nc5 58. h6 Nxb3 59. Rf8 Be5+ 60. f4 Bb2 61. e4 Nc5 62. e5 Nd7 63. h7 Nxe5 64. fxe5 Bxe5+ 65. Kg2 b3 66. h8=Q Bxh8 67. Rxh8 Kc5 68. Kf2 Kc4 69. Ke2 b2 70. Rb8 Kc3 71. Kd1 e5 1/2-1/2

[Event "It (cat.13)"]
[Site "Pamplona ESP"]
[Date "1992.??.??"]
[Round "?"]
[White "Illescas Cordoba, Miguel"]
[Black "Chernin, Alexander M"]
[Result "1-0"]
[WhiteElo "2555"]
[BlackElo "2620"]
[PlyCount "81"]
[EventDate "1992.??.??"]
[Source "www.chesslib.no"]
[SourceDate "2004.05.04"]

1. Nf3 d5 2. c4 c6 3. d4 Nf6 4. Nc3 dxc4 5. e4 b5 6. e5 Nd5 7. a4 e6 8. axb5 Nxc3 9. bxc3 cxb5 10. Ng5 Bb7 11. Qh5 Qd7 12. Be2 h6 13. Bf3 Nc6 14. O-O Nd8 15. Ne4 a5 16. Qg4 Rh7 17. Bd1 h5 18. Qe2 Bd5 19. Bc2 Rh8 20. Bg5 Nb7 21. f4 Ra6 22. h4 a4 23. Ng3 Na5 24. f5 Nb3 25. Rad1 b4 26. fxe6 Rxe6 27. cxb4 a3 28. Bf5 f6 29. Be3 Qf7 30. Qc2 Kd8 31. Ne2 Rb6 32. Nf4 Bxb4 33. Be4 Bxe4 34. Qxe4 Qa7 35. d5 Bc5 36. Ne6+ Rxe6 37. dxe6+ Kc8 38. Qxc4 a2 39. Bxc5 Qxc5+ 40. Qxc5+ Nxc5 41. Rc1 1-0

[Event "Liepaja rap"]
[Site "Liepaja"]
[Date "2001.08.02"]
[Round "1"]
[White "Adianto, Utut"]
[Black "Shabalov, Alexander"]
[Result "0-1"]
[WhiteElo "2598"]
[BlackElo "2574"]
[PlyCount "49"]
[EventDate "2001.08.02"]
[Source "ChessBase"]
[SourceDate "2001.11.13"]

1. d4 d5 2. c4 c6 3. Nf3 Nf6 4. Nc3 dxc4 5. e4 b5 6. e5 Nd5 7. a4 Bf5 8. Nh4 Nxc3 9. bxc3 Be6 10. Be2 Bd5 11. e6 Bxe6 12. O-O Bd5 13. axb5 e6 14. b6 Nd7 15. Rxa7 Nxb6 16. Rxa8 Qxa8 17. Nf3 Bd6 18. Ne5 O-O 19. Bf4 c5 20. g3 Rd8 21. Re1 Qa3 22. Bh5 g6 23. Bg5 Ra8 24. Bf6 Bxe5 25. Bxe5 0-1

[Event "4th IECC"]
[Site "Istanbul"]
[Date "2003.06.01"]
[Round "3"]
[White "Mamedyarov, Shakhriyar"]
[Black "Savchenko, Stanislav"]
[Result "1/2-1/2"]
[WhiteElo "2607"]
[BlackElo "2559"]
[PlyCount "90"]
[EventDate "2003.05.30"]
[Source "Roberto Alvarez"]
[SourceDate "2003.06.23"]

1. d4 d5 2. c4 c6 3. Nc3 Nf6 4. Nf3 dxc4 5. Ne5 Nbd7 6. Nxc4 b5 7. Ne3 Bb7 8. g3 c5 9. d5 a6 10. Bg2 g6 11. O-O Bg7 12. a4 b4 13. Nb1 a5 14. Qc2 O-O 15. Nd2 Nb6 16. Rd1 Nfd7 17. Ndc4 Nxc4 18. Nxc4 Nb6 19. Nxb6 Qxb6 20. Be3 Rac8 21. Rac1 Bd4 22. Bxd4 cxd4 23. Qd2 Rxc1 24. Rxc1 Rc8 25. Rxc8+ Bxc8 26. Qc2 Ba6 27. Be4 b3 28. Qd2 Qc5 29. h4 Bb7 30. e3 dxe3 31. Qxe3 Qxe3 32. fxe3 Ba6 33. Kf2 Kg7 34. d6 exd6 35. Bd5 f5 36. Bxb3 Kf6 37. Ke1 Ke5 38. Kd2 h6 39. Bc2 g5 40. hxg5 hxg5 41. Kc3 d5 42. b4 axb4+ 43. Kxb4 f4 44. exf4+ gxf4 45. gxf4+ Kxf4 1/2-1/2

[Event "Kusadasi TUR"]
[Site "?"]
[Date "2006.04.16"]
[Round "2.2"]
[White "Czarnota Pawel"]
[Black "Fressinet Laurent"]
[Result "0-1"]
[WhiteElo "2529"]
[BlackElo "2633"]
[PlyCount "104"]
[EventDate "2006.??.??"]
[Source "www.chesslib.no"]
[SourceDate "2004.05.04"]

1. d4 d5 2. Nf3 Nf6 3. c4 c6 4. Nc3 dxc4 5. e3 b5 6. a4 b4 7. Na2 e6 8. Bxc4 Nbd7 9. O-O Bb7 10. Bd2 a5 11. Nc1 Be7 12. Nb3 O-O 13. Qe2 c5 14. Rfd1 Qb6 15. Be1 Rac8 16. dxc5 Nxc5 17. Nfd4 Rfd8 18. f3 Nxb3 19. Bxb3 Bc5 20. Bf2 Bxd4 21. exd4 Bd5 22. Bc2 Qc6 23. Rac1 Kh8 24. Qd2 Qd7 25. Bh4 Qe7 26. Qe3 Qf8 27. Bb1 Rxc1 28. Rxc1 Rc8 29. Rc5 Rxc5 30. dxc5 Nd7 31. Bf2 Nb8 32. Be4 Qd8 33. h3 Nc6 34. Kh2 f5 35. Bd3 Qf6 36. Bb5 e5 37. f4 e4 38. Qd2 Qe6 39. Be3 h6 40. Qd1 Kh7 41. Qh5 Kg8 42. g4 Ne7 43. Kg3 Qf6 44. Qe8+ Kh7 45. Qd7 fxg4 46. hxg4 Be6 47. Qd6 Qg6 48. Qxe7 Qxg4+ 49. Kh2 Qh3+ 50. Kg1 Qxe3+ 51. Kg2 Qf3+ 52. Kh2 Bh3 0-1

[Event "Bled ol (Men)"]
[Site "?"]
[Date "2002.10.28"]
[Round "3"]
[White "Graf Alexander"]
[Black "Motwani Paul"]
[Result "1/2-1/2"]
[WhiteElo "2635"]
[BlackElo "2525"]
[PlyCount "32"]
[EventDate "2002.??.??"]
[Source "www.chesslib.no"]
[SourceDate "2004.05.04"]

1. d4 d5 2. c4 c6 3. Nf3 Nf6 4. Nc3 dxc4 5. e3 b5 6. a4 b4 7. Na2 e6 8. Bxc4 Nbd7 9. O-O Be7 10. Qe2 O-O 11. e4 Bb7 12. e5 Nd5 13. Bd2 a5 14. Nc1 N5b6 15. Bd3 c5 16. Bb5 c4 1/2-1/2

[Event "Open"]
[Site "Geneve"]
[Date "2004.01.29"]
[Round "6"]
[White "Eljanov, Pavel"]
[Black "Tukmakov, Vladimir B"]
[Result "1-0"]
[WhiteElo "2597"]
[BlackElo "2562"]
[PlyCount "51"]
[EventDate "2004.??.??"]
[Source "Roberto Alvarez"]
[SourceDate "2004.02.23"]

1. d4 d5 2. c4 c6 3. Nf3 Nf6 4. Nc3 dxc4 5. e4 b5 6. e5 Nd5 7. a4 h6 8. Be2 Nxc3 9. bxc3 Be6 10. O-O Bd5 11. Ba3 e6 12. Bxf8 Kxf8 13. Nd2 Nd7 14. Qb1 a6 15. f4 f5 16. exf6 Nxf6 17. Qg6 Ra7 18. Nf3 Ne4 19. Ne5 Nxc3 20. Bh5 Be4 21. f5 Qxd4+ 22. Kh1 Re7 23. f6 Bxg6 24. Nxg6+ Ke8 25. fxe7 Kd7 26. Rf8 1-0

[Event "Moscow (ol)"]
[Site "?"]
[Date "1994.??.??"]
[Round "?"]
[White "Romanishin, O."]
[Black "Petursson, M."]
[Result "1/2-1/2"]
[WhiteElo "2605"]
[BlackElo "2540"]
[PlyCount "67"]
[EventDate "1994.??.??"]
[Source "ChessBase"]
[SourceDate "1994.10.01"]

1. d4 Nf6 2. Nf3 d5 3. c4 c6 4. Nc3 dxc4 5. Ne5 Nbd7 6. f4 e6 7. e3 c5 8. Bxc4 cxd4 9. exd4 Be7 10. O-O O-O 11. Bb3 Nb6 12. Kh1 Bd7 13. Qf3 Bc6 14. Nxc6 bxc6 15. Be3 Nbd5 16. Bg1 g6 17. Rac1 Rc8 18. g4 Nxc3 19. bxc3 c5 20. f5 c4 21. Bc2 Qd5 22. Rce1 Rc6 23. Bd1 Rd8 24. Re5 Qxf3+ 25. Bxf3 Nd5 26. fxe6 fxe6 27. g5 Ba3 28. Rb1 Nxc3 29. Bxc6 Nxb1 30. Rxe6 Nd2 31. Ba4 Nf3 32. Rc6 Nxg1 33. Kxg1 Rxd4 34. Rxc4 1/2-1/2

[Event "It (cat.14)"]
[Site "It (cat.14)"]
[Date "1982.??.??"]
[Round "?"]
[White "Andersson, Ulf"]
[Black "Torre, Eugenio"]
[Result "1/2-1/2"]
[WhiteElo "2605"]
[BlackElo "2535"]
[PlyCount "91"]
[EventDate "1982.??.??"]
[Source "www.chesslib.no"]
[SourceDate "2004.05.04"]

1. Nf3 Nf6 2. d4 d5 3. c4 c6 4. Nc3 dxc4 5. e3 b5 6. a4 b4 7. Nb1 Ba6 8. Qc2 e6 9. Bxc4 Bxc4 10. Qxc4 Qd5 11. Nbd2 c5 12. dxc5 Bxc5 13. Qxd5 Nxd5 14. Nb3 Nd7 15. Ke2 a5 16. Bd2 Bb6 17. Rhc1 Ke7 18. Rc2 Rhc8 19. Rac1 Rxc2 20. Rxc2 N5f6 21. Ne1 Ne4 22. Nd3 Kd6 23. f3 Nec5 24. Nbxc5 Nxc5 25. Nxc5 Bxc5 26. Be1 Rc8 27. Bg3+ Kd7 28. Kd3 Rc6 29. Rc4 Bb6 30. Be5 f6 31. Rxc6 Kxc6 32. Bd4 Bc7 33. f4 Bd8 34. Kc4 g6 35. e4 f5 36. Be5 Be7 37. b3 Bd8 38. Bg7 Bc7 39. Bh6 Bd8 40. Bg5 Bb6 41. h3 h5 42. Bf6 Bc7 43. g3 Bb6 44. Be7 Bf2 45. Bh4 Bb6 46. Bf6 1/2-1/2